Statistiques concernant One piece par image #6

Cliquez ici pour prendre le quiz!

Statistiques générales

  • Ce quiz a été pris 86 fois
  • Le résultat moyen est 13 sur 20

Statistiques - réponses

Réponse% Correct
Neptune
87%
Monet
84%
Orochi
81%
Wapol
81%
Pell
78%
Black Maria
76%
Ulti
74%
diamante
72%
Kyros
69%
Ryokugyu
68%
Wiper
68%
Page One
66%
Who's-Who
65%
Sasaki
57%
Karasu
53%
Jora
47%
Elizabello II
40%
Orlumbus
37%
Holdem
31%
Praline
31%

Distribution des résultats

Percentile par nombre de réponses

% des personnes avec chaque résultat

Votre développement - résultats

Vous n’avez pas pris ce quiz